V Международная школа-конференция молодых атомщиков Сибири: сборник тезисов докладов, 22-24 октября 2014 г., г. Северск

Detalles Bibliográficos
Corporate Authors: V Международная школа-конференция молодых атомщиков Сибири, Росатом, Томская область Администрация, Росатом ТВЭЛ, Сибирский химический комбинат (СХК), Национальный исследовательский Томский политехнический университет (ТПУ), Национальный исследовательский ядерный университет "МИФИ" Северский технологический институт (СТИ)
Summary:Заглавие с экрана
Сборник включает материалы V Школы-конференции молодых атомщиков Сибири. Приводятся результаты научных исследований,связанных с совершенствованием ядерно-химических технологий, автоматизацией технологических процессов, применением современных информационных технологий в атомной промышленности и энергетике, а также актуальными вопросами ядерного нераспространения, безопасности и экологии атомной отрасли, перспективными направлениями развития ядерной энергетики и ядерной медицины. Кроме того, рассмотрены вопросы по теме «Ядерные технологии – шаг в будущее». Для специалистов, работающих в атомной отрасли, а также для студентов, аспирантов и молодых ученых, интересующихся актуальными вопросами ядерной энергетики и промышленности.
Idioma:ruso
Publicado: Северск, Изд-во СТИ НИЯУ МИФИ, 2014
Subjects:
Acceso en liña:http://earchive.tpu.ru/handle/11683/73779
Formato: Electrónico Libro
KOHA link:https://koha.lib.tpu.ru/cgi-bin/koha/opac-detail.pl?biblionumber=616038

MARC

LEADER 00000nam0a2200000 4500
001 616038
005 20231102023602.0
035 |a (RuTPU)RU\TPU\conf\14271 
090 |a 616038 
100 |a 20151203d2014 k y0rusy50 ca 
101 0 |a rus 
102 |a RU 
105 |a y z 101zy 
135 |a drcn ---uucaa 
181 0 |a i  
182 0 |a b 
200 1 |a V Международная школа-конференция молодых атомщиков Сибири  |e сборник тезисов докладов, 22-24 октября 2014 г., г. Северск  |f Росатом ; Томская область, Администрация ; Росатом, ТВЭЛ ; Сибирский химический комбинат (СХК) ; Национальный исследовательский Томский политехнический университет (ТПУ) ; Национальный исследовательский ядерный университет "МИФИ", Северский технологический институт (СТИ) 
203 |a Текст  |c электронный 
210 |a Северск  |c Изд-во СТИ НИЯУ МИФИ  |d 2014 
230 |a 1 компьютерный файл (pdf; 1,5 MB) 
300 |a Заглавие с экрана 
330 |a Сборник включает материалы V Школы-конференции молодых атомщиков Сибири. Приводятся результаты научных исследований,связанных с совершенствованием ядерно-химических технологий, автоматизацией технологических процессов, применением современных информационных технологий в атомной промышленности и энергетике, а также актуальными вопросами ядерного нераспространения, безопасности и экологии атомной отрасли, перспективными направлениями развития ядерной энергетики и ядерной медицины. Кроме того, рассмотрены вопросы по теме «Ядерные технологии – шаг в будущее». Для специалистов, работающих в атомной отрасли, а также для студентов, аспирантов и молодых ученых, интересующихся актуальными вопросами ядерной энергетики и промышленности. 
337 |a Adobe Reader 
606 1 |a Атомная энергия  |2 stltpush  |3 (RuTPU)RU\TPU\subj\29677  |9 52955 
610 1 |a электронный ресурс 
610 1 |a труды учёных ТПУ 
610 1 |a материалы конференций 
610 1 |a атомная промышленность 
610 1 |a химические технологии 
610 1 |a энергетика 
610 1 |a ядерное нераспространение 
610 1 |a ядерная безопасность 
610 1 |a экология 
610 1 |a ядерная отрасль 
610 1 |a ядерная медицина 
610 1 |a инновационная экономика 
610 1 |a перспективы 
610 1 |a автоматизация 
610 1 |a информатизация 
610 1 |a будущее 
675 |a 621.039(063)  |v 3 
712 1 2 |a V Международная школа-конференция молодых атомщиков Сибири  |d 5  |e Северск  |f 2014 
712 0 2 |a Росатом  |c Государственная корпорация по атомной энергии  |c (2008- )  |2 stltpush  |3 (RuTPU)RU\TPU\col\14349  |9 25907 
712 0 1 |a Томская область  |b Администрация  |2 stltpush  |3 (RuTPU)RU\TPU\col\449  |9 23442 
712 0 2 |a Росатом  |b ТВЭЛ  |c топливная компания  |c (Москва)  |2 stltpush  |3 (RuTPU)RU\TPU\col\20015  |9 27676 
712 0 2 |a Сибирский химический комбинат (СХК)  |c Федеральное государственное унитарное предприятие  |c (Северск)  |2 stltpush  |3 (RuTPU)RU\TPU\col\111 
712 0 2 |a Национальный исследовательский Томский политехнический университет (ТПУ)  |c (2009- )  |2 stltpush  |3 (RuTPU)RU\TPU\col\15902 
712 0 2 |a Национальный исследовательский ядерный университет "МИФИ"  |b Северский технологический институт (СТИ)  |c (2009- )  |2 stltpush  |3 (RuTPU)RU\TPU\col\16394 
801 2 |a RU  |b 63413507  |c 20221114  |g RCR 
856 4 |u http://earchive.tpu.ru/handle/11683/73779 
942 |c BK